| 000 | 00524nam a2200157 4500 | ||
|---|---|---|---|
| 001 | 110509 | ||
| 003 | ES-MaACL | ||
| 005 | 20230906185054.0 | ||
| 007 | t| | ||
| 008 | 061121s1942 it r ||||1| spa d | ||
| 100 | 1 |
_aOffenberg, Lucien. _986560 |
|
| 245 | 1 | 0 |
_aMon enquete sur la guerre des Alpes _b: 10 juin-25 juin 1940 : reportage et temoignages inedits / _cLucien Offenberg. |
| 260 |
_aRoma : _b[s.n.], _c1942 ( _fTipografĂa Seperstampa) |
||
| 300 |
_a328 p. : _bil. ; _c26 cm. |
||
| 852 |
_aES-MaACL _jF-15475 _bR.19707 |
||
| 999 |
_c110509 _d110509 |
||